000 00618nam a2200217Ii 4500
003 JO-AjNU
008 230606s9999||||xx |||||||||||||| ||und||
020 _a978-1-4398-3956-0
040 _aJO-AjNU
_beng
_erda
_cJO-AjNU
041 _aeng
050 1 4 _aQA76.9.A25.P429.2010
100 3 _aPELTIER,Thomas,
_eauthor
_9807
245 0 0 _ainformation Security Risk Analysis
250 _a3 ed
264 3 1 _aCRC PRESS:LONDON ,,2010
300 _a440p
336 _atext
_btxt
_2rdacontent
337 _aunmediated
_bn
_2rdamedia
338 _avolume
_bnc
_2rdacarrier
650 4 _ain formation Security Risk Analysis
_9808
999 _aE425
_c425
_d425